Влияние модифицирующей добавки нанопорошка никеля на основные электрофизические характеристики поливинилиденфторида; Известия Томского политехнического университета [Известия ТПУ]; Т. 310, № 3
| Parent link: | Известия Томского политехнического университета [Известия ТПУ]/ Томский политехнический университет (ТПУ).— , 2000- Т. 310, № 3.— 2007.— [С. 52-56] |
|---|---|
| Glavni autor: | |
| Daljnji autori: | , |
| Sažetak: | Заглавие с титульного листа Электронная версия печатной публикации Приведены результаты исследования температурно-частотных зависимостей диэлектрической проницаемости и тангенса угла диэлектрических потерь, электрической прочности и надмолекулярной структуры поливинилиденфторида, модифицированного нанопорошком никеля. Установлено, что введение наночастиц никеля в поливинилиденфторид приводит к уменьшению сферолитов, упорядочиванию надмолекулярной структуры полимера, изменению температуры стеклования, энергии активации проводимости, значений комплексной диэлектрической проводимости. |
| Jezik: | ruski |
| Izdano: |
2007
|
| Serija: | Математика и механика. Физика |
| Teme: | |
| Online pristup: | http://www.lib.tpu.ru/fulltext/v/Bulletin_TPU/2007/v310/i3/12.pdf |
| Format: | Elektronički Poglavlje knjige |
| KOHA link: | https://koha.lib.tpu.ru/cgi-bin/koha/opac-detail.pl?biblionumber=172240 |
MARC
| LEADER | 00000nla2a2200000 4500 | ||
|---|---|---|---|
| 001 | 172240 | ||
| 005 | 20231031164234.0 | ||
| 035 | |a (RuTPU)RU\TPU\book\186757 | ||
| 035 | |a RU\TPU\book\186751 | ||
| 090 | |a 172240 | ||
| 100 | |a 20091211d2007 k y0rusy50 ca | ||
| 101 | 0 | |a rus | |
| 102 | |a RU | ||
| 135 | |a drnn ---uucaa | ||
| 181 | 0 | |a i | |
| 182 | 0 | |a b | |
| 200 | 1 | |a Влияние модифицирующей добавки нанопорошка никеля на основные электрофизические характеристики поливинилиденфторида |b Электронный ресурс |f О. С. Гефле, С. М. Лебедев, С. Н. Ткаченко | |
| 203 | |a Текст |c электронный | ||
| 215 | |a 1 файл (1.5 Мб) | ||
| 225 | 1 | |a Математика и механика. Физика | |
| 230 | |a Электронные текстовые данные (1 файл : 1.5 Мб) | ||
| 300 | |a Заглавие с титульного листа | ||
| 300 | |a Электронная версия печатной публикации | ||
| 320 | |a [Библиогр.: с. 56 (10 назв.)] | ||
| 330 | |a Приведены результаты исследования температурно-частотных зависимостей диэлектрической проницаемости и тангенса угла диэлектрических потерь, электрической прочности и надмолекулярной структуры поливинилиденфторида, модифицированного нанопорошком никеля. Установлено, что введение наночастиц никеля в поливинилиденфторид приводит к уменьшению сферолитов, упорядочиванию надмолекулярной структуры полимера, изменению температуры стеклования, энергии активации проводимости, значений комплексной диэлектрической проводимости. | ||
| 337 | |a Adobe Reader | ||
| 461 | 1 | |0 (RuTPU)RU\TPU\book\176237 |t Известия Томского политехнического университета [Известия ТПУ] |f Томский политехнический университет (ТПУ) |d 2000- | |
| 463 | 1 | |0 (RuTPU)RU\TPU\book\186734 |x 1684-8519 |t Т. 310, № 3 |v [С. 52-56] |d 2007 |p 280 с. | |
| 610 | 1 | |a модифицирующие добавки | |
| 610 | 1 | |a нанопорошки | |
| 610 | 1 | |a никель | |
| 610 | 1 | |a электрофизические характеристики | |
| 610 | 1 | |a поливинилиденфторид | |
| 610 | 1 | |a исследования | |
| 610 | 1 | |a температурно-частотные зависимости | |
| 610 | 1 | |a диэлектрическая проницаемость | |
| 610 | 1 | |a тангенсы | |
| 610 | 1 | |a углы | |
| 610 | 1 | |a диэлектрические потери | |
| 610 | 1 | |a электрическая прочность | |
| 610 | 1 | |a надмолекулярные структуры | |
| 610 | 1 | |a наночастицы | |
| 610 | 1 | |a сферолиты | |
| 610 | 1 | |a полимеры | |
| 610 | 1 | |a температура | |
| 610 | 1 | |a стеклование | |
| 610 | 1 | |a энергия | |
| 610 | 1 | |a диэлектрическая проводимость | |
| 610 | 1 | |a труды учёных ТПУ | |
| 610 | 1 | |a электронный ресурс | |
| 700 | 1 | |a Гефле |b О. С. |c старший научный сотрудник лаб. № 9 НИИ ВН, ТПУ |c кандидат технических наук |g Ольга Семеновна |2 stltpush |3 (RuTPU)RU\TPU\pers\25458 | |
| 701 | 1 | |a Лебедев |b С. М. |c зав. лаб. № 9 НИИ ВН, ТПУ |c доктор технических наук |f 1954- |g Сергей Михайлович |2 stltpush |3 (RuTPU)RU\TPU\pers\25466 | |
| 701 | 1 | |a Ткаченко |b С. Н. |c аспирант ТПУ |f 1982- |g Сергей Николаевич |2 stltpush |3 (RuTPU)RU\TPU\pers\25476 | |
| 801 | 1 | |a RU |b 63413507 |c 20090623 |g PSBO | |
| 801 | 2 | |a RU |b 63413507 |c 20211115 |g PSBO | |
| 856 | 4 | |u http://www.lib.tpu.ru/fulltext/v/Bulletin_TPU/2007/v310/i3/12.pdf | |
| 942 | |c CF | ||